00343nam a2200145Ia 4500003000400000005001700004008004000021040000700061041001200068082001700080100002000097245004000117260003300157300000700190OSt20230516100140.0210210b1993 xxu||||| |||| 00| 0 eng d cAL aKonkani a891.462 IBSL aIBSEN (Henrik). aLanva-bhutan. Tr by Olivinho Gomes. aDelhi.bSahity Akademic1993 a80